000 00403nam a2200157Ia 4500
008 210716s2006 xx 000 0 und d
020 _a8131404692
041 _aeng
082 _a658.802 PANT
100 _aPanda, Tapan K; Mishra, Sitikantha.
245 _aTourism marketing.
250 _a1
260 _aHyderabad
_bICFAI University Press
_c2006
300 _axxi,201
650 _aRural Marketing
999 _c202446
_d202446